000 00694nam a2200241Ia 4500
003 OSt
005 20230929100924.0
008 210716s2011 xx 000 0 und d
020 _a9780198072508
040 _cAIMIT LIBRARY
041 _aeng
082 _a374.22
_21
_bBASK
100 _aBasu, Kaushik.
_9135487
245 _aEconomists miscellany /
_cBy Kaushik Basu.
250 _a1st ed.
260 _aNew Delhi :
_bOxford University Press ,
_c2011.
300 _axiv,200p. ;
_bPB
_c22 cm
650 _aGeneral Management
_9135488
651 _aPersons and ideas
_9135489
651 _aCulture and economics
_9135490
651 _aMedley
_9135491
942 _2ddc
_cBK
_e1st
_k374.22 BASK
999 _c208769
_d208769